Ανέκδοτα λαογραφικά Κρήτης
Αποθηκεύτηκε σε:
| Κύριος συγγραφέας: | |
|---|---|
| Άλλοι συγγραφείς: | |
| Μορφή: | Βιβλίο |
| Γλώσσα: | Greek |
| Δημοσίευση: |
Ηράκλειο :
Σύλλογος Πολιτιστικής Αναπτύξεως Ηρακλείου,
1987.
|
| Θέματα: | |
| Ετικέτες: |
Προσθήκη ετικέτας
Δεν υπάρχουν, Καταχωρήστε ετικέτα πρώτοι!
|
MARC
| LEADER | 00000nam a2200000 a 4500 | ||
|---|---|---|---|
| 001 | 1/127099 | ||
| 008 | 230728t1987####gr | ||| |||| ||gre|| | ||
| 040 | |a GR-MyUa |b gre |c GR-MyUa |e AACR2 | ||
| 041 | 0 | |a gre | |
| 082 | 7 | |a 398.09495 |2 (23) | |
| 100 | 1 | |a Κονδυλάκης, Ιωάννης Δ., |d 1861-1920. | |
| 245 | 1 | 0 | |a Ανέκδοτα λαογραφικά Κρήτης / |c Ιωάννη Κονδυλάκη ; επιμέλεια, εισαγγωγή, σημειώσεις Θεοχάρη Δετοράκη. |
| 260 | |a Ηράκλειο : |b Σύλλογος Πολιτιστικής Αναπτύξεως Ηρακλείου, |c 1987. | ||
| 300 | |a 143 σ. ; |c 20 εκ. | ||
| 650 | 0 | |a Folklore |z Greece |z Crete. | |
| 650 | 0 | |a Folk songs, Greek |z Greece |z Crete. | |
| 651 | 0 | |a Crete (Greece) |x Social life and customs. | |
| 700 | 1 | |a Δετοράκης, Θεοχάρης Ε. |e edt |e aui | |
| 852 | |a INST |b SAMOS |e 20230727 |h 398.09495 ΚΟΝ |p 005300047857 |q 005300047857 |t BK |y 0 | ||
| 970 | |a Γουβάλα |b Βάσω |z 28-07-2023 | ||